000
00246nam a2200109Ia 4500
008
240625s9999 xx 000 0 und d
041
_a
eng
082
_a
332.63 PIN
100
_a
PINTO JERALD E
245
_a
EQUITY ASSET VALUATION
260
_c
2014
999
_c
38258
_d
38258